[Event "Kragero Resort International 2022"]
[Site "Kragero"]
[Date "2022.02.24"]
[Round "3.2"]
[White "Stenseng, Benjamin"]
[Black "Haug, Havard"]
[Result "0-1"]
[WhiteElo "1578"]
[BlackElo "1801"]
[Annotator "NA RC"]
[PlyCount "88"]
[EventDate "2022.02.23"]
[EventType "swiss"]
[EventCountry "NOR"]
[SourceTitle "playchess.com"]
[Source "ChessBase"]
[SourceQuality "1"]
[TimeControl "5400+30"]

1. Nf3 {[%emt 0:00:01]} Nf6 {[%emt 0:00:35]} 2. b3 {[%emt 0:01:04]} d6 {[%emt 0:00:43]} 3. Bb2 {[%emt 0:00:07]} e5 {[%emt 0:00:45]} 4. c4 {[%emt 0:01:24]} Nc6 {[%emt 0:01:24]} 5. d3 {[%emt 0:02:21]} e4 {[%emt 0:04:51]} 6. dxe4 {[%emt 0:01:32]} Nxe4 {[%emt 0:00:52]} 7. Nc3 {[%emt 0:02:02]} Nf6 {[%emt 0:08:59]} 8. e3 {[%emt 0:04:32]} Be7 {[%emt 0:03:22]} 9. Bd3 {[%emt 0:03:11]} Ne5 {[%emt 0:06:54]} 10. Be2 {[%emt 0:07:02]} O-O {[%emt 0:00:55]} 11. Qc2 {[%emt 0:00:49]} Qd7 {[%emt 0:06:27]} 12. O-O-O {[%emt 0:12:22]} Qf5 {[%emt 0:07:14] [#]} 13. e4 $1 {[%emt 0:03:03]} Qf4+ $16 {[%emt 0:05:26]} 14. Kb1 {[%emt 0:01:55]} Nxf3 {[%emt 0:04:08]} 15. Bxf3 {[%emt 0:03:57]} c6 {[%emt 0:06:51]} 16. Ne2 {[%emt 0:04:26]} Qg5 {[%emt 0:03:42]} 17. h4 {[%emt 0:06:28]} Qa5 {[%emt 0:00:59]} 18. Nd4 {[%emt 0:04:20]} Bd7 {[%emt 0:09:30]} 19. Nf5 {[%emt 0:05:38]} Bxf5 {[%emt 0:01:52]} 20. exf5 {[%emt 0:00:05]} d5 {[%emt 0:02:02]} 21. g4 {[%emt 0:02:37]} dxc4 {[%emt 0:01:44]} 22. Qxc4 {[%emt 0:00:56]} Rad8 {[%emt 0:01:17]} 23. Qc2 {[%emt 0:04:09]} Rxd1+ {[%emt 0:01:12]} 24. Rxd1 {[%emt 0:01:56]} Rd8 {[%emt 0:00:57]} 25. Rxd8+ {[%emt 0:10:23]} Bxd8 {[%emt 0:01:19]} 26. Qe2 {[%emt 0:01:34]} Qc5 {[%emt 0:03:12]} 27. g5 {[%emt 0:05:29]} Qxf5+ {[%emt 0:03:31]} 28. Ka1 {[%emt 0:00:32]} Nd7 {[%emt 0:00:27]} 29. Qe8+ {[%emt 0:02:47]} Nf8 {[%emt 0:00:14]} 30. Ba3 {[%emt 0:02:05]} c5 {[%emt 0:01:11]} 31. Bxb7 {[%emt 0:01:13]} Ba5 {[%emt 0:01:18]} 32. Qe3 {[%emt 0:01:48]} Ne6 {[%emt 0:02:56]} 33. Bc8 {[%emt 0:01:30]} Bb6 {[%emt 0:04:25]} 34. Qe2 {[%emt 0:01:51]} Bc7 {[%emt 0:01:46]} 35. Qe3 {[%emt 0:01:15]} Bb6 {[%emt 0:02:06]} 36. Qe2 {[%emt 0:00:07]} Qd5 {[%emt 0:00:28]} 37. Ba6 {[%emt 0:01:02]} Qh1+ {[%emt 0:00:20]} 38. Kb2 {[%emt 0:00:25]} Qxh4 {[%emt 0:00:21]} 39. Bc4 {[%emt 0:00:45]} Qxg5 {[%emt 0:00:18]} 40. Kb1 {[%emt 0:00:38]} h5 {[%emt 0:01:06]} 41. Bc1 {[%emt 0:00:21]} Qg4 {[%emt 0:01:05]} 42. f3 {[%emt 0:00:58]} Qg1 {[%emt 0:00:43]} 43. Qe5 {[%emt 0:00:28]} Qg6+ {[%emt 0:00:21]} 44. Bd3 {[%emt 0:00:14]} Qxd3+ {[%emt 0:00:06]} 0-1

[Event "Kragero Resort International 2022"]
[Site "Kragero"]
[Date "2022.02.24"]
[Round "3.3"]
[White "Ostmoe, Geir Sune Tallaksen"]
[Black "Van Foreest, Lucas"]
[Result "1/2-1/2"]
[WhiteElo "2466"]
[BlackElo "2563"]
[Annotator "TA"]
[PlyCount "72"]
[EventDate "2022.02.23"]
[EventType "swiss"]
[EventCountry "NOR"]
[SourceTitle "playchess.com"]
[Source "ChessBase"]
[SourceQuality "1"]

{[%evp 12,72,0,20,38,22,41,31,33,19,9,17,22,13,5,0,36,25,44,0,18,12,25,17,23,0,0,8,0,0,0,0,0,0,0,0,0,0,0,0,0,0,0,0,0,0,0,0,0,0,0,0,0,0,0,0,0,0,0,0,0,0,0]} 1. d4 Nf6 2. Nf3 d5 3. c4 e6 4. g3 Bb4+ 5. Bd2 a5 6. Qc2 O-O 7. Bg2 c5 {E11: Bogo-Indian.} 8. dxc5 (8. cxd5 {looks sharper.} exd5 9. O-O c4 10. b3 cxb3 11. Qxb3 Nc6 12. a3) 8... d4 9. Bxb4 axb4 {White is slightly better.} 10. Nbd2 Nc6 11. O-O e5 12. Ng5 {[%cal Bf3g5,Bg5e4,Be4f2][%mdl 32]} Qe7 13. Nde4 {[#] Intending Nxf6+ and mate.} Nxe4 14. Nxe4 Bf5 {[#]} 15. f4 $146 (15. a3 $14) ({Predecessor:} 15. Qd2 Bxe4 16. Bxe4 Qxc5 17. b3 f5 18. Bd5+ Kh8 19. Rfd1 Rad8 20. e3 Rxd5 21. cxd5 Qxd5 {0-1 (40) Vazquez,F (2207)-Veiga,E (2106) Chess.com INT 2021}) 15... exf4 16. Rxf4 Bg6 17. Qd2 Ra5 18. Nf2 Qxc5 {The position is equal.} 19. Bxc6 bxc6 20. Rxd4 Raa8 21. e3 Rfe8 22. Nd3 Bxd3 23. Qxd3 h6 24. a4 bxa3 25. Rxa3 Rxa3 26. bxa3 $11 {[%mdl 4096] Endgame KQR-KQR} Qa5 27. Kf2 Rb8 28. Qd2 Qxa3 {[#] Threatens to win with ...Rb2.} 29. Rd8+ Rxd8 30. Qxd8+ {KQ-KQ} Kh7 31. Qd4 Qa2+ 32. Kg1 Qb1+ 33. Kg2 Qc2+ 34. Kg1 Qb1+ 35. Kg2 Qc2+ 36. Kg1 Qb1+ {Weighted Error Value: White=0.04 (flawless) /Black=0.03 (flawless)} 1/2-1/2

[Event "Kragero Resort International 2022"]
[Site "Kragero"]
[Date "2022.02.24"]
[Round "3.4"]
[White "Dardha, Daniel"]
[Black "Osmak, Yuliia"]
[Result "1/2-1/2"]
[WhiteElo "2541"]
[BlackElo "2432"]
[Annotator "TA"]
[PlyCount "43"]
[EventDate "2022.02.23"]
[EventType "swiss"]
[EventCountry "NOR"]
[SourceTitle "playchess.com"]
[Source "ChessBase"]
[SourceQuality "1"]

{[%evp 9,43,0,0,0,13,0,0,0,13,0,0,0,0,0,0,6,26,12,0,0,0,0,7,-52,-43,-59,-63,-54,-54,-43,-16,-8,-6,-48,-45,-47]} 1. Nf3 e6 2. c4 Nf6 3. d4 b6 4. a3 Bb7 5. Bf4 c5 6. Nc3 {[%cal Bb1c3,Bc3b5,Bb5d6][%mdl 32] E12: Queen's Indian: Unusual White 4th moves, 4 a3, 4 Nc3 Bb7 5 a3 and 4 Nc3 Bb7 .} cxd4 7. Qxd4 Nc6 8. Qd3 {The position is equal.} Nh5 9. Bg5 Be7 10. Bxe7 Qxe7 11. Nb5 {[#] Threatens to win with Nd6+.} O-O {[%cal Od7d5]} 12. Nd6 Nd8 ({Don't do} 12... Nf4 13. Qd2 Ng6 14. Nxb7 $14) 13. Rd1 Bc6 14. e3 Nf6 {[#]} 15. Ne5 $146 ({Predecessor:} 15. Be2 Nb7 16. O-O Nxd6 17. Qxd6 Qxd6 18. Rxd6 Bxf3 19. Bxf3 Rac8 20. b3 Rfd8 21. Rfd1 {1-0 (54) Shankland,S (2691)-Ding,L (2791) chess24.com INT 2021}) 15... Nb7 {[%cal Oc6a4]} 16. b4 {[#]} (16. Nxc6 $11 dxc6 17. Nxb7 Qxb7 18. Be2) 16... Ba4 $1 $15 17. Rd2 ({Much weaker is} 17. Nxb7 Bxd1 18. Qxd1 (18. Kxd1 $2 d5 $19) 18... d5 19. cxd5 exd5 $17) 17... Nxd6 18. Qxd6 Qxd6 19. Rxd6 Ne8 20. Rd2 d6 21. Nf3 (21. Nd3 $11 {should be considered.}) 21... Rc8 {[%cal Ob6b5]} 22. Be2 $1 {Weighted Error Value: White=0.13 (very precise) /Black=0.03 (flawless)} 1/2-1/2

[Event "Kragero Resort International 2022"]
[Site "Kragero"]
[Date "2022.02.24"]
[Round "3.4"]
[White "Dahli, Vincent"]
[Black "Gharibyan, Mane"]
[Result "1-0"]
[WhiteElo "1714"]
[BlackElo "1592"]
[Annotator "NA RC"]
[PlyCount "59"]
[EventDate "2022.02.23"]
[EventType "swiss"]
[EventCountry "NOR"]
[SourceTitle "playchess.com"]
[Source "ChessBase"]
[SourceQuality "1"]
[TimeControl "5400+30"]

1. d4 {[%emt 0:00:53]} Nf6 {[%emt 0:00:22]} 2. c4 {[%emt 0:01:15]} e6 {[%emt 0:00:07]} 3. g3 {[%emt 0:00:27]} d5 {[%emt 0:12:02]} 4. Bg2 {[%emt 0:05:35]} Bb4+ {[%emt 0:04:07]} 5. Bd2 {[%emt 0:01:08]} Bxd2+ {[%emt 0:01:48]} 6. Nxd2 {[%emt 0:02:27]} O-O {[%emt 0:00:41]} 7. Ngf3 {[%emt 0:03:12]} b6 {[%emt 0:07:34]} 8. O-O {[%emt 0:05:07]} Bb7 {[%emt 0:04:03]} 9. Rc1 {[%emt 0:02:45]} Nbd7 {[%emt 0:02:57]} 10. Qc2 {[%emt 0:07:52]} c5 {[%emt 0:04:33]} 11. Rfd1 {[%emt 0:07:20]} Rc8 {[%emt 0:04:14]} 12. dxc5 {[%emt 0:03:24]} bxc5 {[%emt 0:05:24]} 13. Qa4 {[%emt 0:03:02]} Qb6 {[%emt 0:05:50]} 14. cxd5 {[%emt 0:05:38]} exd5 {[%emt 0:01:47]} 15. b3 {[%emt 0:04:53]} Rfe8 {[%emt 0:06:34]} 16. e4 {[%emt 0:07:52]} Bc6 {[%emt 0:11:42]} 17. Qa3 {[%emt 0:03:06]} Nxe4 {[%emt 0:02:44]} 18. Nxe4 {[%emt 0:02:12]} Rxe4 {[%emt 0:01:41]} 19. Nh4 {[%emt 0:12:26]} Re5 {[%emt 0:06:40]} 20. Re1 {[%emt 0:04:56]} Rce8 {[%emt 0:01:47]} 21. Rxe5 {[%emt 0:00:20]} Rxe5 {[%emt 0:00:48]} 22. b4 {[%emt 0:00:41]} cxb4 {[%emt 0:04:11]} 23. Qb2 {[%emt 0:00:24]} Re8 {[%emt 0:04:20]} 24. Nf5 {[%emt 0:01:14]} Ne5 {[%emt 0:02:36]} 25. h3 {[%emt 0:07:57]} f6 {[%emt 0:02:01]} 26. Qc2 {[%emt 0:00:26]} Nc4 {[%emt 0:00:53]} 27. Qd3 {[%emt 0:04:01]} Qb5 {[%emt 0:01:50]} 28. Nd4 {[%emt 0:01:44]} Qb6 {[%emt 0:00:41]} 29. Nxc6 {[%emt 0:00:26]} Qxc6 {[%emt 0:00:27]} 30. Bxd5+ {[%emt 0:00:11]} 1-0

[Event "Kragero Resort International 2022"]
[Site "Kragero"]
[Date "2022.02.24"]
[Round "3.5"]
[White "Mikalsen, Erlend"]
[Black "Gumularz, Szymon"]
[Result "0-1"]
[WhiteElo "2368"]
[BlackElo "2539"]
[Annotator "TA"]
[PlyCount "70"]
[EventDate "2022.02.23"]
[EventType "swiss"]
[EventCountry "NOR"]
[SourceTitle "playchess.com"]
[Source "ChessBase"]
[SourceQuality "1"]

{[%evp 21,70,13,20,16,15,18,10,0,9,0,27,13,12,9,10,-25,-30,-62,-55,-149,-78,-146,-162,-139,-86,-313,-274,-433,-417,-465,-473,-475,-49,-479,-415,-563,-559,-691,-712,-703,-636,-677,-679,-920,-897,-853,-876,-1002,-963,-779,-717]} 1. e4 e5 2. Nf3 Nc6 3. Bb5 a6 4. Ba4 d6 5. c3 Bd7 6. O-O g6 7. d4 Bg7 8. d5 Nce7 9. Bxd7+ Qxd7 10. c4 h6 11. Nc3 f5 12. Ne1 {C76: Ruy Lopez: Deferred Steinitz: 5 c3 Bd7 6 d4 g6.} Nf6 13. f3 O-O {[#]} 14. a4 $146 {The position is equal.} ({Predecessor:} 14. Nd3 c6 15. Bd2 cxd5 16. cxd5 Rf7 17. Qe2 Raf8 18. a4 g5 19. Nf2 Ng6 20. exf5 Qxf5 {1-0 (67) Pridorozhni,A (2596)-Demchenko,A (2632) Khanty-Mansiysk 2020}) 14... g5 15. Nd3 Qe8 16. a5 Qg6 {[%cal Rf5e4]} 17. Nf2 h5 18. Qb3 g4 19. fxg4 hxg4 20. Qxb7 (20. c5 $15) 20... g3 (20... fxe4 $142 {White must now prevent ...g3.} 21. Qxc7 Nf5) 21. hxg3 (21. Qxc7 $142 gxf2+ 22. Rxf2) 21... fxe4 $17 22. Qxc7 {[#]} Nf5 {Hoping for ...e3.} 23. g4 $2 (23. Ncxe4 $17 {only move.} Rac8 24. Nxf6+ Qxf6 25. Qb6) 23... Nxg4 $19 24. Qd7 {[#]} (24. Nxg4 $142 Qxg4 25. Qd7) 24... Ng3 $1 25. Qxg4 (25. Bd2 Rxf2) 25... Qxg4 26. Nxg4 Rxf1+ 27. Kh2 Nf5 28. Nxe4 Kf7 {aiming for ...Rh8+. Black is clearly winning.} 29. Ngf2 Rh8+ 30. Nh3 Re1 31. Neg5+ Kg6 {...e4 is the strong threat.} 32. Nf3 Rd1 33. g4 Nd4 34. Nxd4 exd4 35. Kg2 Be5 {Weighted Error Value: White=0.70/Black=0.04 (flawless)} 0-1

[Event "Kragero Resort International 2022"]
[Site "Kragero"]
[Date "2022.02.24"]
[Round "3.5"]
[White "Stromhaug, Kristoffer Wang"]
[Black "Omarsson, Adam"]
[Result "0-1"]
[WhiteElo "1694"]
[BlackElo "1546"]
[Annotator "NA RC"]
[PlyCount "56"]
[EventDate "2022.02.23"]
[EventType "swiss"]
[EventCountry "NOR"]
[SourceTitle "playchess.com"]
[Source "ChessBase"]
[SourceQuality "1"]
[TimeControl "5400+30"]

1. e4 {[%emt 0:00:24]} g6 {[%emt 0:00:15]} 2. d4 {[%emt 0:00:10]} Bg7 {[%emt 0:00:26]} 3. Nc3 {[%emt 0:00:18]} d6 {[%emt 0:00:33]} 4. Be3 {[%emt 0:00:30]} Nf6 {[%emt 0:01:31]} 5. f3 {[%emt 0:00:29]} O-O {[%emt 0:01:16]} 6. Nge2 {[%emt 0:00:18]} e5 {[%emt 0:01:12]} 7. Qd2 {[%emt 0:00:32]} exd4 {[%emt 0:01:01]} 8. Nxd4 {[%emt 0:00:21]} a6 {[%emt 0:00:39]} 9. O-O-O {[%emt 0:04:48]} b5 {[%emt 0:02:01]} 10. Bh6 {[%emt 0:04:28]} b4 {[%emt 0:01:11]} 11. Nd5 {[%emt 0:01:36]} c5 {[%emt 0:02:31]} 12. Nb3 {[%emt 0:01:16]} Bxh6 {[%emt 0:01:59]} 13. Qxh6 {[%emt 0:00:17]} Nxd5 {[%emt 0:02:58]} 14. exd5 {[%emt 0:02:27]} a5 {[%emt 0:02:37]} 15. h4 {[%emt 0:04:04]} a4 {[%emt 0:00:55]} 16. h5 {[%emt 0:00:22]} Ra7 {[%emt 0:00:18]} 17. Nd2 {[%emt 0:00:19]} a3 {[%emt 0:02:06]} 18. b3 {[%emt 0:04:37]} Bf5 {[%emt 0:03:23]} 19. g4 {[%emt 0:00:54]} Qf6 {[%emt 0:00:26]} 20. Ne4 {[%emt 0:12:53]} Bxe4 {[%emt 0:00:45]} 21. fxe4 {[%emt 0:00:02]} Qb2+ {[%emt 0:00:37]} 22. Kd2 {[%emt 0:00:07]} Qc3+ {[%emt 0:00:31]} 23. Kc1 {[%emt 0:01:32]} Qa1+ {[%emt 0:00:19]} 24. Kd2 {[%emt 0:00:07]} Qxa2 {[%emt 0:01:01]} 25. e5 {[%emt 0:02:43]} Qb2 {[%emt 0:01:13]} 26. e6 {[%emt 0:03:20]} Qc3+ {[%emt 0:00:35]} 27. Ke2 {[%emt 0:00:28]} Qxc2+ {[%emt 0:00:26]} 28. Kf3 {[%emt 0:01:36]} Qxd1+ {[%emt 0:00:09]} 0-1

[Event "Kragero Resort International 2022"]
[Site "Kragero"]
[Date "2022.02.24"]
[Round "3.6"]
[White "Vestby-Ellingsen, Mads"]
[Black "Kulaots, Kaido"]
[Result "1/2-1/2"]
[WhiteElo "2368"]
[BlackElo "2527"]
[Annotator "TA"]
[PlyCount "146"]
[EventDate "2022.02.23"]
[EventType "swiss"]
[EventCountry "NOR"]
[SourceTitle "playchess.com"]
[Source "ChessBase"]
[SourceQuality "1"]

{[%evp 9,146,21,6,0,0,-1,0,0,0,0,11,8,14,21,26,17,16,17,19,13,13,12,19,12,13,13,13,4,5,10,21,9,14,0,16,7,16,0,0,3,16,0,0,0,0,0,0,0,0,0,0,0,0,0,0,0,17,0,0,0,0,0,0,-39,-27,-36,-28,-42,0,0,0,-21,-20,-97,-8,-45,0,-111,0,-94,0,-49,-11,0,0,-65,-77,-83,-85,-100,0,-77,-97,-124,-43,-53,0,-106,-111,-115,-90,-106,-97,-158,-164,-164,-154,-166,-153,-150,0,-138,-106,-238,-257,-356,-241,-228,-126,-125,-122,-122,-116,-107,-117,-110,0,0,0,0,0,0,0,0,0,0,0,0,0]} 1. Nf3 c5 2. c4 Nc6 3. Nc3 e5 4. e3 Nf6 5. d4 e4 6. d5 {And now Ng5 would win. A34: Symmetrical English: 2 Nc3, lines with ...d5.} exf3 7. dxc6 dxc6 8. Qxd8+ Kxd8 9. gxf3 g6 10. b3 Bg7 {[%cal Of6d5]} 11. Bb2 Ke7 12. O-O-O {[#]} Bf5 $146 ({Predecessor:} 12... Be6 13. Be2 Rhd8 14. f4 Rxd1+ 15. Rxd1 b6 16. Bf3 Rc8 17. Rg1 Ne8 18. Ne4 Bxb2+ 19. Kxb2 {0-1 (65) Predke,A (2673)-Karjakin,S (2757) Moscow 2021}) 13. Bg2 Rhd8 14. Na4 b6 15. f4 Rxd1+ 16. Rxd1 Rc8 17. Be5 Ne8 18. Bxg7 Nxg7 19. Nc3 Rc7 20. Bf3 Bh3 21. a3 Rc8 22. Kb2 h6 23. Ne2 g5 24. Kc3 Ne6 25. b4 cxb4+ 26. axb4 c5 27. b5 gxf4 28. exf4 Rd8 29. Ra1 Rd7 30. Bc6 Rc7 31. Be4 Kf6 {Inhibits f5.} 32. Rd1 Rc8 33. Ra1 Rc7 34. f3 h5 35. Rd1 h4 36. Rg1 Rd7 37. Bd5 Nc7 38. Be4 Ne6 (38... a6 $15 {is more appropriate.} 39. bxa6 Nxa6) 39. Bd5 $1 $11 Bf5 40. Rg8 Rd8 41. Rg1 (41. Rxd8 $11 Nxd8 42. Kd2) 41... Re8 ({Black should play} 41... Nc7 $1 $17 {[%cal Rc7d5]} 42. Be4 a6 43. bxa6 Nxa6) 42. Be4 Rd8 (42... Ng7 $15) 43. Bd5 $17 Rd7 (43... Nc7 $1 $17 {[%cal Rc7d5]} 44. Be4 a6 45. bxa6 Nxa6) 44. Ra1 (44. Rg8 $11 {keeps the balance.}) 44... Re7 (44... Nc7 $1 $17 {[%cal Rc7d5]} 45. Be4 Ne8) 45. Be4 (45. Kd2 $1 $11) 45... Nf8 46. Kd3 Rd7+ 47. Kc3 (47. Ke3 $11) 47... Ng6 $15 48. Rg1 Re7 49. Kd3 Rd7+ 50. Kc3 Be6 51. Bc6 Rc7 (51... Rd6 $1 $17 52. Be4 Ne7) 52. Be4 $1 Rd7 (52... Ne7 $15) 53. Bc6 $1 $17 Rd6 54. Be4 Ne7 $1 55. Ra1 Rd7 56. Rg1 (56. Ra4 $142) 56... Nf5 $1 57. Ra1 Ne3 58. Bd3 Bf5 59. Be4 Be6 60. Bd3 Re7 {[%cal Oe6c4]} 61. Ra2 (61. Re1 $17 {was worth a try.}) 61... Nd1+ $19 62. Kd2 Nf2 {aiming for ...Rd7.} 63. f5 Bxf5 ({Better is} 63... Nxd3 $19 64. fxe6 Ne5 65. exf7 Rxf7) 64. Bxf5 $17 Kxf5 $19 {[%mdl 4096] Endgame KRN-KRN} 65. Nc3 Nh3 {White must now prevent ...Nf4.} 66. Nd5 Rd7 67. Ke3 {[#] Inhibits Nf4.} Ng5 (67... Nf4 $1 $17 {[%cal Rf4d5][%mdl 512]} 68. Nxf4 Re7+ 69. Ne6 Rxe6+ 70. Kf2 Re7) 68. Rg2 $1 $11 {The position is equal.} h3 69. Rg4 Rd6 70. Ne7+ Kf6 71. Nd5+ Kf5 72. Ne7+ Kf6 {Strongly threatening ...Re6+.} 73. Nd5+ Kf5 {And White is the lucky defender.  Weighted Error Value: White=0.13 (very precise) /Black=0.19 (very precise)} 1/2-1/2

[Event "Kragero Resort International 2022"]
[Site "Kragero"]
[Date "2022.02.24"]
[Round "3.6"]
[White "Lien, Sebastian"]
[Black "Stolp, Aleksander"]
[Result "1/2-1/2"]
[WhiteElo "1532"]
[BlackElo "1680"]
[Annotator "NA RC"]
[PlyCount "31"]
[EventDate "2022.02.23"]
[EventType "swiss"]
[EventCountry "NOR"]
[SourceTitle "playchess.com"]
[Source "ChessBase"]
[SourceQuality "1"]
[TimeControl "5400+30"]

1. d4 {[%emt 0:01:02]} Nf6 {[%emt 0:00:09]} 2. c4 {[%emt 0:00:07]} e6 {[%emt 0:00:15]} 3. Nf3 {[%emt 0:03:15]} d5 {[%emt 0:00:28]} 4. Bg5 {[%emt 0:01:10]} Be7 {[%emt 0:03:55]} 5. e3 {[%emt 0:01:37]} O-O {[%emt 0:04:07]} 6. Nc3 {[%emt 0:05:45]} Nbd7 {[%emt 0:02:30]} 7. cxd5 {[%emt 0:10:22]} exd5 {[%emt 0:00:37]} 8. Bd3 {[%emt 0:00:22]} c6 {[%emt 0:00:35]} 9. O-O {[%emt 0:00:23]} Ne4 {[%emt 0:07:32]} 10. Bxe7 {[%emt 0:30:15]} Qxe7 {[%emt 0:00:25]} 11. Qc2 {[%emt 0:00:21]} Re8 {[%emt 0:03:18]} 12. b4 {[%emt 0:04:39]} Ndf6 {[%emt 0:14:17]} 13. a3 {[%emt 0:03:44]} Bf5 {[%emt 0:06:09]} 14. Ne5 {[%emt 0:06:04]} Bg6 {[%emt 0:03:35]} 15. Nxg6 {[%emt 0:09:33]} hxg6 {[%emt 0:01:10]} 16. Bxe4 {[%emt 0:00:29]} 1/2-1/2

[Event "Kragero Resort International 2022"]
[Site "Kragero"]
[Date "2022.02.24"]
[Round "3.7"]
[White "Abdrlauf, Elham"]
[Black "Chatalbashev, Boris"]
[Result "1/2-1/2"]
[WhiteElo "2343"]
[BlackElo "2515"]
[Annotator "RC"]
[PlyCount "91"]
[EventDate "2022.02.23"]
[EventType "swiss"]
[EventCountry "NOR"]
[SourceTitle "playchess.com"]
[Source "ChessBase"]
[SourceQuality "1"]
[TimeControl "5400+30"]

1. e4 {[%emt 0:00:04]} c5 {[%emt 0:00:08]} 2. Nf3 {[%emt 0:00:04]} Nc6 {[%emt 0:00:05]} 3. d4 {[%emt 0:00:04]} cxd4 {[%emt 0:00:06]} 4. Nxd4 {[%emt 0:00:01]} g6 {[%emt 0:00:09]} 5. Nc3 {[%emt 0:00:07]} Bg7 {[%emt 0:00:05]} 6. Be3 {[%emt 0:00:04]} Nf6 {[%emt 0:00:14]} 7. Bc4 {[%emt 0:00:05]} O-O {[%emt 0:01:05]} 8. Bb3 {[%emt 0:00:05]} d6 {[%emt 0:00:07]} 9. f3 {[%emt 0:00:04]} Bd7 {[%emt 0:00:36]} 10. Qd2 {[%emt 0:00:05]} Nxd4 {[%emt 0:00:50]} 11. Bxd4 {[%emt 0:00:05]} b5 {[%emt 0:00:08]} 12. Nd5 {[%emt 0:03:33]} Nxd5 {[%emt 0:01:33]} 13. exd5 {[%emt 0:00:12]} Qc7 {[%emt 0:09:36]} 14. O-O {[%emt 0:15:43]} Bxd4+ {[%emt 0:08:07]} 15. Qxd4 {[%emt 0:00:22]} a5 {[%emt 0:00:04]} 16. c3 {[%emt 0:03:08]} a4 {[%emt 0:03:38]} 17. Bd1 {[%emt 0:00:05]} a3 {[%emt 0:01:28]} 18. b4 {[%emt 0:00:25]} Rfc8 {[%emt 0:07:52]} 19. Rc1 {[%emt 0:00:29]} Qa7 {[%emt 0:05:29]} 20. Be2 {[%emt 0:07:49]} Qxd4+ {[%emt 0:11:05]} 21. cxd4 {[%emt 0:00:06]} Ra4 {[%emt 0:06:39]} 22. Rxc8+ {[%emt 0:07:23]} Bxc8 {[%emt 0:00:10]} 23. Rb1 {[%emt 0:00:08]} Bf5 {[%emt 0:00:37]} 24. Rb3 {[%emt 0:00:13]} Bc2 {[%emt 0:00:24]} 25. Rc3 {[%emt 0:01:05]} Bb1 {[%emt 0:00:07]} 26. Bxb5 {[%emt 0:00:35]} Rxb4 {[%emt 0:00:10]} 27. Bc4 {[%emt 0:07:04]} g5 {[%emt 0:03:39]} 28. Bb3 {[%emt 0:02:25]} Kg7 {[%emt 0:04:45]} 29. Rc4 {[%emt 0:02:45]} Rb7 {[%emt 0:17:07]} 30. Ra4 {[%emt 0:00:51]} Kf6 {[%emt 0:00:01]} 31. Kf1 {[%emt 0:09:35]} h5 {[%emt 0:00:06]} 32. Rxa3 {[%emt 0:09:12]} Rb4 {[%emt 0:00:02]} 33. Ra4 {[%emt 0:12:53]} Rxa4 {[%emt 0:00:08]} 34. Bxa4 {[%emt 0:00:02]} Bxa2 {[%emt 0:00:08]} 35. Bc6 {[%emt 0:00:02]} h4 {[%emt 0:05:59]} 36. Kf2 {[%emt 0:01:15]} Bb3 {[%emt 0:02:27]} 37. Ke3 {[%emt 0:02:59]} Kg6 {[%emt 0:02:02]} 38. g3 {[%emt 0:05:03]} f5 {[%emt 0:01:58]} 39. Be8+ {[%emt 0:02:46]} Kf6 {[%emt 0:00:58]} 40. Bc6 {[%emt 0:00:07]} Bd1 {[%emt 0:00:33]} 41. Bd7 {[%emt 0:01:14]} Bb3 {[%emt 0:01:15]} 42. Bc6 {[%emt 0:00:16]} Kg6 {[%emt 0:00:56]} 43. Be8+ {[%emt 0:00:06]} Kg7 {[%emt 0:00:06]} 44. Bd7 {[%emt 0:00:52]} Kf6 {[%emt 0:00:26]} 45. Bc6 {[%emt 0:01:12]} Bc4 {[%emt 0:00:23]} 46. Bb7 {[%emt 0:00:37]} 1/2-1/2